| 000 | 00350cam a2200145ua 4500 | ||
|---|---|---|---|
| 041 |
_aeng _h |
||
| 082 |
_a822 _bGOL/ST |
||
| 100 | _aGold Smith, Oliver . | ||
| 245 |
_aStoops to conquer / _cOliver Gold Smith. _hTextual Documents |
||
| 260 |
_aLondon : _bMacMillan , _c1967. |
||
| 300 | _a99 ; . | ||
| 504 | _a | ||
| 942 | _cBK | ||
| 999 |
_c4318 _d4318 |
||